Δημιουργία και Λειτουργία Επιχείρησης Εστίασης με Προϊόντα με Στέβια. (Record no. 8599)
[ view plain ]
| 000 -LEADER | |
|---|---|
| fixed length control field | 01755cam a22001934a 4500 |
| 005 - ΗΜΕΡΟΜΗΝΙΑ ΚΑΙ ΩΡΑ ΤΕΛΕΥΤΑΙΑΣ ΕΝΗΜΕΡΩΣΗΣ | |
| Πεδίο ελέγχου | 20250605164341.0 |
| 008 - FIXED-LENGTH DATA ELEMENTS--GENERAL INFORMATION | |
| Πεδίο ελέγχου σταθερού μήκους | 250528s ||||||||||||||||||||||||d |
| 035 ## - SYSTEM CONTROL NUMBER | |
| System control number | 23599 |
| 040 ## - ΠΗΓΗ ΚΑΤΑΛΟΓΟΓΡΑΦΗΣΗΣ | |
| Φορέας πρωτότυπης καταλογογράφησης | MC Athens Campus Library |
| Γλώσσα καταλογογράφησης | Ελληνικά, Μοντέρνα (1453-) |
| Modifying agency | MC Athens Campus Library |
| Κανόνες περιγραφικής καταλογογράφησης | AACR2 |
| 245 1# - ΤΙΤΛΟΣ ΚΑΙ ΔΗΛΩΣΗ ΥΠΕΥΘΥΝΟΤΗΤΑΣ | |
| Τίτλος | Δημιουργία και Λειτουργία Επιχείρησης Εστίασης με Προϊόντα με Στέβια. |
| 260 ## - PUBLICATION, DISTRIBUTION, ETC. | |
| Date of publication, distribution, etc. | 2017 |
| 300 ## - PHYSICAL DESCRIPTION | |
| Extent | 41 |
| 520 ## - SUMMARY, ETC. | |
| Summary, etc. | Εισαγωγή, Ορισμός και Λειτουργία της Επιχείρησης, Αποστολή της Επιχείρησης, Στόχοι της Επιχείρηση, Τοποθεσία και Σχεδιασμός Καταστήματος, Περιγραφή της Επιχείρησης, Νομοθεσίες και Λειτουργία, Εξοπλισμός, Πρώτες Ύλες, το Γλυκαντικό Στέβια, Πρώτες Ύλες στην Ζαχαροπλαστική, Δευτερεύουσες Πρώτες Ύλες, Προϊόντα Επιχειρήσης, Προϊόντα Επιχείρησης, Συσκευασία Προϊόντων Ορισμός, Συσκευασίες Επιχείρησης, Μάρκετινγκ και Κόστη, Στρατηγικές Ανταγωνιστικού Πλεονελτήματος, Μάρκετινγκ, Διαφήμιση και Κόστη Προϊόντων, Έρευνα Μάρκετινγκ, Ανάπτυξη και Μακροπρόθεσμα Σχέδια, Ερωτηματολόγιο Έρευνας, Συμπεράσματα, Προτάσεις, Βιβλιογραφία. |
| 700 1# - ΠΡΟΣΘΕΤΗ ΑΝΑΓΡΑΦΗ--ΦΥΣΙΚΟ ΠΡΟΣΩΠΟ | |
| Personal name | Κωνσταντίνος Χαρδαβέλλας |
| 9 (RLIN) | 9187 |
| 700 1# - ΠΡΟΣΘΕΤΗ ΑΝΑΓΡΑΦΗ--ΦΥΣΙΚΟ ΠΡΟΣΩΠΟ | |
| Personal name | Σωτηρίου Νικόλαος |
| 9 (RLIN) | 9188 |
| 942 ## - ADDED ENTRY ELEMENTS (KOHA) | |
| Koha item type | Διπλωματική εργασία |
| Τύπος τεκμηρίου | Βιβλιοθήκη | Τρέχουσα τοποθεσία | Barcode | Ημερομηνία απόκτησης | Ταξιθετικό σύμβολο | Αριθμός αντιτύπου | Κατάσταση απόσυρσης | Κατάσταση χαμένου | Κατάσταση κατεστραμμένου | Μη δανεισμός | Σύνολο δανεισμών | Ημερομηνία τελευταίας εμφάνισης | Η τιμή ισχύει από |
|---|---|---|---|---|---|---|---|---|---|---|---|---|---|
| Διπλωματική εργασία | MC Athens Campus Library | MC Athens Campus Library | 9780000085986 | 05/06/2025 | BUS 2017 (35) | 1 | 05/06/2025 | 05/06/2025 |